Fashion brands (Record no. 6754)

MARC details
000 -LEADER
fixed length control field 00479 a2200181 4500
001 - CONTROL NUMBER
control field 132387
003 - CONTROL NUMBER IDENTIFIER
control field OSt
005 - DATE AND TIME OF LATEST TRANSACTION
control field 20211026151951.0
008 - FIXED-LENGTH DATA ELEMENTS--GENERAL INFORMATION
fixed length control field
082 ## - DEWEY DECIMAL CLASSIFICATION NUMBER
Classification number 746.920688
Item number T83F
100 1# - MAIN ENTRY--PERSONAL NAME
Personal name Tungate, Mark
245 1# - TITLE STATEMENT
Title Fashion brands
Statement of responsibility, etc by Mark Tungate
250 ## - EDITION STATEMENT
Edition statement 2nd ed.
260 ## - PUBLICATION, DISTRIBUTION, ETC. (IMPRINT)
Place of publication, distribution, etc New Delhi
Name of publisher, distributor, etc Kogan Page
Date of publication, distribution, etc 2009
300 ## - PHYSICAL DESCRIPTION
Extent 264p.
690 ## - LOCAL SUBJECT ADDED ENTRY--TOPICAL TERM (OCLC, RLIN)
Topical term or geographic name as entry element Advertising -- Fashion.; Brand name products; Fashion merchandising
942 ## - ADDED ENTRY ELEMENTS (KOHA)
Source of classification or shelving scheme Dewey Decimal Classification
Koha item type Books
Holdings
Withdrawn status Lost status Source of classification or shelving scheme Damaged status Not for loan Collection code Home library Current library Date acquired Source of acquisition Cost, normal purchase price Total Checkouts Full call number Barcode Date last seen Date checked out Price effective from Koha item type
    Dewey Decimal Classification     General Text Book Central University Of Rajasthan Central University Of Rajasthan 08/06/2012 MGM 495.00 1 746.920688 T83F 9205 27/01/2025 16/01/2025 02/09/2020 Books